LEADER 00905nam0-22003011i-450- 001 990004003870403321 005 20070920122121.0 035 $a000400387 035 $aFED01000400387 035 $a(Aleph)000400387FED01 035 $a000400387 100 $a20040304d2003----km-y0itay50------ba 101 0 $aita 102 $aIT 105 $aa---a---001yy 200 1 $aGuida alla progettazione dell'illuminazione naturale$fAssociazione italiana di illuminazione 210 $a[s.l.$cs. n.]$d2003 215 $a197 p.$cill.$d29 cm 610 0 $aIlluminazione naturale 676 $a621.32 710 01$aAIDI$9$0422487 801 0$aIT$bUNINA$gRICA$2UNIMARC 901 $aBK 912 $a990004003870403321 952 $a10 D IV 178$bDIEL 3139$fDINEL 959 $aDINEL 996 $aGuida alla progettazione dell'illuminazione naturale$9472037 997 $aUNINA LEADER 01336nam 2200325Ia 450 001 996390295403316 005 20200824132505.0 035 $a(CKB)4940000000098557 035 $a(EEBO)2264206370 035 $a(OCoLC)ocm9955715e 035 $a(OCoLC)9955715 035 $a(EXLCZ)994940000000098557 100 $a19830927d1649 uy | 101 0 $aeng 135 $aurbn||||a|bb| 200 10$aClavis Bibliorum$b[electronic resource] $ethe key of the Bible, unlocking the richest treasurie of the Holy Scriptures : whereby the 1. order, 2. names, 3. times, 4. penmen, 5. occasion, 6. scope, 7. principall parts containing the subject matter of every book of Old and New Testament are familiarly and briefly opened for the help of the weakest capacity in the understanding of the whole Bible /$fby Francis Roberts 210 $aEdinburgh $cPrinted by Gedeon Lithgow$d1649 215 $a420 p 300 $a"An epistle to the reader" signed: Edmund Calamy. 300 $aReproduction of original in the Harvard University Library. 330 $aeebo-0062 700 $aRoberts$b Francis$f1609-1675.$01002195 701 $aCalamy$b Edmund$f1600-1666.$01002065 801 0$bUMI 801 1$bUMI 801 2$bWaOLN 906 $aBOOK 912 $a996390295403316 996 $aClavis Bibliorum$92323698 997 $aUNISA